|
|
|
|
| LEADER |
01503nam a2200361 a 4500 |
| 001 |
000533180 |
| 003 |
CZ BrMZK |
| 005 |
20070907111726.0 |
| 007 |
ta |
| 008 |
010907s2000 xr f cze d |
| 015 |
|
|
|a cnb000977643
|
| 020 |
|
|
|a 80-238-5688-X
|
| 035 |
|
|
|a (OCoLC)85010631
|
| 040 |
|
|
|a BOA001
|b cze
|
| 072 |
|
7 |
|a 61
|x Lékařské vědy. Lékařství
|2 Konspekt
|9 14
|
| 080 |
|
|
|a 61:007
|2 MRF
|
| 080 |
|
|
|a 007+004
|2 MRF
|
| 080 |
|
|
|a 614.2:007
|2 MRF
|
| 080 |
|
|
|a (062.534)
|2 MRF
|
| 111 |
2 |
|
|a Nemocniční informační systémy ve výuce informatiky na lékařských fakultách (konference)
|d (2000 :
|c Chudobín, Litovel, Česko)
|7 mzk2006358076
|
| 245 |
1 |
0 |
|a Nemocniční informační systémy ve výuce informatiky na lékařských fakultách :
|b sborník : 15.-16. června 2000, hotel Zámek Chudobín u Olomouce
|
| 260 |
|
|
|a [Pardubice] :
|b STAPRO,
|c 2000
|
| 300 |
|
|
|a 104 s. :
|b il. ;
|c 30 cm
|
| 500 |
|
|
|a Bibliogr.
|
| 650 |
0 |
7 |
|a lékařská informatika
|7 ph122500
|2 czenas
|
| 650 |
0 |
7 |
|a informační systémy
|7 ph114774
|2 czenas
|
| 650 |
0 |
7 |
|a zdravotnická informatika
|7 ph127561
|2 czenas
|
| 655 |
|
7 |
|a sborníky konferencí
|7 fd133333
|2 czenas
|
| 710 |
2 |
|
|a Univerzita Karlova.
|b Lékařská fakulta, 1.
|7 kn20010709366
|
| 710 |
2 |
|
|a Česká společnost zdravotnické informatiky a vědeckých informací ČSL JEP
|7 mzk2002157108
|
| 910 |
|
|
|a BOA001
|b 4-1077.141
|
| 990 |
|
|
|a BK
|
| 996 |
6 |
|
|b 2610121385
|c 4-1077.141
|l MZK
|r Sklad / do 1 hodiny
|n 3
|p p.v.
|w 000533180
|u 000010
|a 1
|e BOA001
|j MZK50
|s P
|